Cultivating rural amenities <an> economic development perspective
Saved in:
| Format: | Book |
|---|---|
| Language: | English |
| Published: |
Paris
OECD
1999
|
| Subjects: | |
| Tags: |
No Tags, Be the first to tag this record!
|
MARC
| LEADER | 00000nam a2200000 4500 | ||
|---|---|---|---|
| 001 | c122180 | ||
| 005 | 20221221084208.4 | ||
| 020 | |a 92-64-17060-X | ||
| 041 | 0 | |a eng | |
| 044 | |a FR | ||
| 245 | 1 | 0 | |a Cultivating rural amenities |b <an> economic development perspective |
| 264 | 1 | |a Paris |b OECD |c 1999 | |
| 300 | |a 113 s. | ||
| 610 | 2 | 0 | |a vidiek |
| 610 | 2 | 0 | |a rozvoj regionálny |
| 610 | 2 | 0 | |a rozvoj hospodársky |
| 610 | 2 | 0 | |a regulátory hospodárske |
| 610 | 2 | 0 | |a podnety ekonomické |
| 610 | 2 | 0 | |a stimulovanie ekonomické |
| 610 | 2 | 0 | |a stimuly |
| 610 | 2 | 0 | |a stimuly ekonomické |
| 610 | 2 | 0 | |a štúdie prípadové |
| 610 | 2 | 0 | |a OECD |